01311 a2200181 45000010006000000050017000060080041000230030015000640400040000790800056001192450095001752640035002703000019003055050717003241000019010417000036010607000033010962519820260407155535.0260407a1965 arg spa dAR-UNSa-BCEJYS aAR-UNSa-BCEJYSbspacAR-UNSa-BCEJYS a519.2xProbabilidades y estadística matemática 10aEstadísitica aplicadaptécnicas de la estadística moderna, cuando y donde aplicarlas 1aMéxico :bLimusa-Wileyc1965 a630 p.c23 cm. a1. El papel de la estadística en la investigación - 2. Conceptos matemáticos - 3. Un resumen de la teoria básica en probabilidad y estadística - 4. Elemetos de muestreo y estadística descriptiva - 5. Distribuciones de muestreo - 6. Inferencia estadística : La estimación - 7. Inferencia estadística : Prueba hipotesis - 8. Análisis de regresión - 9. Análisis de correlación - 10. Diseño de investigaciones experimentales - 11. Diseño completamente azarizado - 12. Diseño en bloque completo azarizado - 13. Otros diseños - 14. Análisis de covarianza - 15. Métods de distribución libre - 16. Control estadístico de la calidad - 17. Algunas otras técnicas y aplicaciones.1 aOstle, Bernard1 aSerna Valdivia, Dagoberto de la1 aRodriguez Caballero, Melchor